000 00768nam a22002537a 4500
001 44858
003 UA-OsUOA
005 20191227093118.0
007 ta
008 20110624b un ||||| |||| 00| 0 ukr d
040 _aUA-OsUOA
_brus
_cUA-OsUOA
_dUA-OsUOA
041 _arus
080 _a82-94
090 _a82-94
_bК50
100 _aКлочурак С.
245 _aДо волі: спомини
_cпередмова М. Мушинки
260 _aУжгород
_bЛіра
_c2009
300 _a182 с.
650 7 _a82 Література. Літературознавство
_2UDC
942 _cBK
_2udc
955 _a4
999 _c424959
_d424959